ბათუმის შოთა რუსთაველის სახელმწიფო უნივერსიტეტის ბიბლიოთეკა

თხზულებანი (ბიბ.ჩანაწერი № 50166)

000 -LEADER
fixed length control field 00902nam a2200217Ia 4500
001 - CONTROL NUMBER
control field 17104
003 - CONTROL NUMBER IDENTIFIER
control field GE_BSU
008 - FIXED-LENGTH DATA ELEMENTS--GENERAL INFORMATION
fixed length control field 181216s||||||||xx |||||||||||||| ||und||
040 ## - CATALOGING SOURCE
Transcribing agency GE_BSU
080 ## - UNIVERSAL DECIMAL CLASSIFICATION NUMBER
Universal Decimal Classification number 821.353.1-31 + 821.353.1-92
100 ## - MAIN ENTRY--PERSONAL NAME
Personal name არდაზიანი, ლავრენტი
245 ## - TITLE STATEMENT
Title თხზულებანი
245 ## - TITLE STATEMENT
Remainder of title რომანები, პუბლიცისტ. წერილები
245 ## - TITLE STATEMENT
Statement of responsibility, etc. ტექსტი გამოსაც. მოამზადა, შენიშვნები და კომენტარები დაურთო ც. კალაძემ
260 ## - PUBLICATION, DISTRIBUTION, ETC.
Place of publication, distribution, etc. თბილისი
260 ## - PUBLICATION, DISTRIBUTION, ETC.
Name of publisher, distributor, etc. საბჭ. საქართველო
260 ## - PUBLICATION, DISTRIBUTION, ETC.
Date of publication, distribution, etc. 1964
300 ## - PHYSICAL DESCRIPTION
Extent 370გვ. ; 20სმ..
653 ## - INDEX TERM--UNCONTROLLED
Uncontrolled term რომანები, პუბლიცისტ. წერილები
942 ## - ADDED ENTRY ELEMENTS (KOHA)
Koha item type წიგნი
ეგზემპლარები
Withdrawn status Lost status Damaged status Not for loan Date acquired Barcode Date last seen Price effective from Koha item type
        2018-12-17 21674 2018-12-17 2018-12-17 წიგნი